Gene therapy / (Record no. 587750)
[ view plain ]
| 000 -LEADER | |
|---|---|
| fixed length control field | 01906cam a2200385 a 4500 |
| 001 - CONTROL NUMBER | |
| control field | 14814553 |
| 003 - CONTROL NUMBER IDENTIFIER | |
| control field | NUST |
| 005 - DATE AND TIME OF LATEST TRANSACTION | |
| control field | 20220202111216.0 |
| 008 - FIXED-LENGTH DATA ELEMENTS--GENERAL INFORMATION | |
| fixed length control field | 070419s2007 ctua b 001 0 eng |
| 010 ## - LIBRARY OF CONGRESS CONTROL NUMBER | |
| LC control number | 2007016143 |
| 015 ## - NATIONAL BIBLIOGRAPHY NUMBER | |
| National bibliography number | GBA740974 |
| Source | bnb |
| 016 7# - NATIONAL BIBLIOGRAPHIC AGENCY CONTROL NUMBER | |
| Record control number | 013755783 |
| Source | Uk |
| 020 ## - INTERNATIONAL STANDARD BOOK NUMBER | |
| International Standard Book Number | 9780313337604 (alk. paper) |
| 020 ## - INTERNATIONAL STANDARD BOOK NUMBER | |
| International Standard Book Number | 0313337608 (alk. paper) |
| 035 ## - SYSTEM CONTROL NUMBER | |
| System control number | (OCoLC)ocn123391022 |
| 035 ## - SYSTEM CONTROL NUMBER | |
| System control number | (OCoLC)123391022 |
| 038 ## - RECORD CONTENT LICENSOR | |
| Staff Name | Rani Shaista Kanwal |
| 040 ## - CATALOGING SOURCE | |
| Original cataloging agency | DLC |
| Transcribing agency | DLC |
| Modifying agency | BAKER |
| -- | UKM |
| -- | BTCTA |
| -- | C#P |
| -- | YDXCP |
| -- | DLC |
| 050 00 - LIBRARY OF CONGRESS CALL NUMBER | |
| Classification number | RB155.8 |
| Item number | .K45 2007 |
| 082 00 - DEWEY DECIMAL CLASSIFICATION NUMBER | |
| Classification number | 616.042 |
| Edition number | 22 |
| 100 1# - MAIN ENTRY--PERSONAL NAME | |
| Personal name | Kelly, Evelyn B. |
| 9 (RLIN) | 88717 |
| 245 10 - TITLE STATEMENT | |
| Title | Gene therapy / |
| Statement of responsibility, etc. | Evelyn B. Kelly. |
| 260 ## - PUBLICATION, DISTRIBUTION, ETC. | |
| Place of publication, distribution, etc. | Westport, Conn. : |
| Name of publisher, distributor, etc. | Greenwood Press, |
| Date of publication, distribution, etc. | 2007. |
| 300 ## - PHYSICAL DESCRIPTION | |
| Extent | x, 198 p. : |
| Other physical details | ill. ; |
| Dimensions | 25 cm. |
| 440 #0 - SERIES STATEMENT/ADDED ENTRY--TITLE | |
| Title | Health and medical issues today, |
| International Standard Serial Number | 1558-7592 |
| 9 (RLIN) | 88718 |
| 504 ## - BIBLIOGRAPHY, ETC. NOTE | |
| Bibliography, etc. note | Includes bibliographical references (p. [187]-192) and index. |
| 505 ## - FORMATTED CONTENTS NOTE | |
| Formatted contents note | Gene therapy : a treatment for altered genes --<br/>Medical and scientific issues in gene therapy --<br/>Discoveries leading to gene therapy --<br/>Successes and setbacks in the 1990s --<br/>Single-gene recessive disorders --<br/>Single-gene traits : dominant disorders --<br/>X-linked disorders --<br/>Multigene and traits influenced by environment --<br/>Ethics issues and gene therapy --<br/>Regulatory actions in the United States --<br/>Gene therapy in other countries --<br/>Social and religious issues --<br/>The future of gene therapy. |
| 563 ## - BINDING INFORMATION | |
| Binding note | HB |
| 650 #0 - SUBJECT ADDED ENTRY--TOPICAL TERM | |
| Topical term or geographic name entry element | Gene therapy |
| Form subdivision | Popular works. |
| 9 (RLIN) | 88719 |
| 650 #0 - SUBJECT ADDED ENTRY--TOPICAL TERM | |
| Topical term or geographic name entry element | Gene therapy |
| General subdivision | Moral and ethical aspects |
| Form subdivision | Popular works. |
| 9 (RLIN) | 88720 |
| 856 41 - ELECTRONIC LOCATION AND ACCESS | |
| Materials specified | Table of contents only |
| Uniform Resource Identifier | <a href="http://www.loc.gov/catdir/toc/ecip0716/2007016143.html">http://www.loc.gov/catdir/toc/ecip0716/2007016143.html</a> |
| 906 ## - LOCAL DATA ELEMENT F, LDF (RLIN) | |
| a | 7 |
| b | cbc |
| c | orignew |
| d | 1 |
| e | ecip |
| f | 20 |
| g | y-gencatlg |
| 942 ## - ADDED ENTRY ELEMENTS (KOHA) | |
| Source of classification or shelving scheme | |
| Koha item type | Book |
| Withdrawn status | Lost status | Source of classification or shelving scheme | Damaged status | Not for loan | Permanent Location | Current Location | Date acquired | Source of acquisition | Total Checkouts | Full call number | Barcode | Date last seen | Date last checked out | Copy number | Price effective from | Koha item type |
|---|---|---|---|---|---|---|---|---|---|---|---|---|---|---|---|---|
| Atta-ur-Rahman School of Applied Biosciences (ASAB) | Atta-ur-Rahman School of Applied Biosciences (ASAB) | 06/24/2019 | Golden Books | 1 | 616.042 GEN 2007 3453 | ASAB3453 | 06/26/2025 | 02/03/2022 | 01 | 06/24/2019 | Book |
